000 00830nam a2200241Ia 4500
003 GCL
008 140319s9999 xx 000 0 ara d
020 _a5094209977
040 _aGCL /
_cGCL
082 0 4 _aق
_b384.043
_bج ت
100 1 _aجمال محمد غيطاس
245 1 0 _aتكنولوجيا المعلومات فى مصر :
_bالجرى فى المكان /
_cجمال محمد غيطاس
250 _aالاولى
260 _aالقاهرة :
_bالمكتب المصرى الحديث ،
_c2003
300 _a376 ص ؛
_c19 سم
650 0 4 _aالاتصالات
650 0 4 _aالتكنولوجيا
650 0 4 _aالمعلومات
650 0 4 _aوسائل الاعلام
650 0 4 _aالتكنولوجيا - خدمات المعلومات
650 0 4 _aتبادل المعلومات
942 _2ddc
_cBK
999 _c6109
_d6109